<?xml version="1.0" encoding="UTF-8"?>
<collection xmlns:xsi="http://www.w3.org/2001/XMLSchema-instance" xsi:schemaLocation="http://www.loc.gov/MARC21/slim http://www.loc.gov/standards/marcxml/schema/MARC21slim.xsd" xmlns="http://www.loc.gov/MARC21/slim">
 <record>
  <leader>00000cam a22000004a 4500</leader>
  <controlfield tag="001">UP-99796217611134370</controlfield>
  <controlfield tag="003">Buklod</controlfield>
  <controlfield tag="005">20140218112956.0</controlfield>
  <controlfield tag="006">a     r    |||| u|</controlfield>
  <controlfield tag="007">ta</controlfield>
  <controlfield tag="008">110524s2011    nhuab   rb   |001 0|eng d</controlfield>
  <datafield tag="020" ind1=" " ind2=" ">
   <subfield code="a">9781578084364</subfield>
  </datafield>
  <datafield tag="035" ind1=" " ind2=" ">
   <subfield code="a">(iLib)UPD-00212406376</subfield>
  </datafield>
  <datafield tag="040" ind1=" " ind2=" ">
   <subfield code="a">DSCI</subfield>
  </datafield>
  <datafield tag="041" ind1=" " ind2=" ">
   <subfield code="a">eng</subfield>
  </datafield>
  <datafield tag="090" ind1=" " ind2=" ">
   <subfield code="a">QL 638 G7</subfield>
   <subfield code="b">B56 2011</subfield>
  </datafield>
  <datafield tag="245" ind1="0" ind2="4">
   <subfield code="a">The biology of gobies</subfield>
   <subfield code="c">editors, Robert Patzner ... [et al.].</subfield>
  </datafield>
  <datafield tag="264" ind1=" " ind2="1">
   <subfield code="a">Enfield, NH</subfield>
   <subfield code="b">Science Publishers</subfield>
   <subfield code="c">c2011.</subfield>
  </datafield>
  <datafield tag="300" ind1=" " ind2=" ">
   <subfield code="a">xv, 685 p.</subfield>
   <subfield code="b">ill. (some col.), maps</subfield>
   <subfield code="c">24 cm.</subfield>
  </datafield>
  <datafield tag="504" ind1=" " ind2=" ">
   <subfield code="a">Includes bibliographical references and index.</subfield>
  </datafield>
  <datafield tag="505" ind1="0" ind2=" ">
   <subfield code="a">A history of gobioid morphological systematics / James L. Van Tassell, Luke Tornabene and Michael S. Taylor -- Molecular systematics of gobioid fishes / Lukas R?uber and Ainhoa Agorreta -- Systematics of Rhyacichthyidae / Helen K. Larson -- Systematics of Odontobutidae / Akihisa lwata -- Systematics of Butidae and Eleotridae / Christine Thacker -- Systematics of Gobionellidae / Frank Pezold -- Systematics of Oxudercinae / Edward Murdy -- Systematics of Amblyopinae / Edward Murdy -- Systematics of Sicydiinae / Philippe Keith and Clara Lord -- Systematics of Gobiidae / Christine Thacker -- Gobiidae of the Americas / James L. Van Tassell -- North-eastern Atlantic and Mediterranean gobies / Marcelo Kova?ci?c and Robert A. Patzner -- Diversity and distribution of marine, euryhaline and amphidromous gobies from western, central and southern Africa / Ulrich K. Schliewen -- The marine temperate gobioids of southern Australia and the New Zealand region / Helen K. Larson -- Tropical freshwater gobies : amphidromy as a life cycle / Philippe Keith and Clara Lord -- Diversity and distribution of freshwater gobies from the Mediterranean, the Black and Caspian seas / J?org Freyhof -- Gobies as predator and prey / C. Dieter Zander -- Morphological adaptations to special environments of gobies / C. Dieter Zander -- Morphological organization and variability of the reproductive apparatus in gobies / Carlotta Mazzoldi, Robert A. Patzner and Maria B. Rasotto -- Early development of gobies / Rita Borges ... [et al.] -- Planktonic and paedomorphic gobioids / Mario La Mesa -- Gobies on coral reefs / Juergen Herler, Philip L. Munday and Vanessa Hernaman -- Gobies as cleaners / Isabelle M. C?ot?e and Marta C. Soares -- The partnership between gobiid fishes and burrowing alpheid shrimps / Ilan Karplus and Andrew Richard Thompson -- Mudskippers : front runners in the modern invasion of land / Atsushi Ishimatsu and Tomas T. Gonzales.</subfield>
  </datafield>
  <datafield tag="520" ind1=" " ind2=" ">
   <subfield code="a">&quot;Among all vertebrates, gobies are second in diversity only to the teleost family Cyprinidae. The Gobiidae consists of more than 200 genera and nearly 2,000 species and make up the largest family of marine fishes. Gobies account for as much as 50% of the energy flow in coral reef communities. Their small size, ability to adapt to numerous ecological niches and to be bred in aquaria has led to numerous studies both in the field and laboratory. Gobies are found from above the high tide line to depths of over 1,100 m. Some species are found only within caves, others deep inside sponges, and some others climb waterfalls to return to their native streams. They vary reproductively from gonochoric to hermaphrodite, monogamy to polygyny and promiscuity, some have short life spans and reproduce only once while others have longer life spans reproducing one or more times per year. The Biology of Gobies written by over 30 experts from 15 countries summarizes what is known about the systematics, ecology, zoogeography, and general biology of the Gobiiformes. This foundation will provide the basic information necessary for future studies&quot;--Provided by publisher.</subfield>
  </datafield>
  <datafield tag="650" ind1=" " ind2="0">
   <subfield code="a">Gobiidae.</subfield>
  </datafield>
  <datafield tag="700" ind1="1" ind2=" ">
   <subfield code="a">Patzner, Robert A.</subfield>
  </datafield>
  <datafield tag="700" ind1="1" ind2=" ">
   <subfield code="a">Tassell, James L. Van.</subfield>
  </datafield>
  <datafield tag="700" ind1="1" ind2=" ">
   <subfield code="a">Kovacic, Marcelo.</subfield>
  </datafield>
  <datafield tag="700" ind1="1" ind2=" ">
   <subfield code="a">Kapoor, B.G.</subfield>
  </datafield>
  <datafield tag="905" ind1=" " ind2=" ">
   <subfield code="a">FO</subfield>
  </datafield>
  <datafield tag="852" ind1="0" ind2=" ">
   <subfield code="a">UPD</subfield>
   <subfield code="b">DIB</subfield>
   <subfield code="h">QL 638 G7</subfield>
   <subfield code="i">B56 2011</subfield>
  </datafield>
  <datafield tag="942" ind1=" " ind2=" ">
   <subfield code="a">Book</subfield>
  </datafield>
 </record>
</collection>
